100 Essential Italian Words - Statistics

General Stats
  • This quiz has been taken 67 times
  • The average score is 42 of 89
Answer Stats
Hint Answer % Correct
io I
100%
tu you
100%
lui he
92%
lei she / you (formal)
92%
noi we
92%
allora then / so
88%
loro they
88%
no no
82%
su on / about
80%
e and
78%
perché because / why
78%
a to
78%
o or
76%
che that / who
73%
molto very / much
73%
ma but
67%
bene well / good
65%
con with
63%
vita life
61%
solo only
61%
così so / like this
61%
essere to be
61%
giorno day
59%
per for / through
59%
poco little
59%
di of / from
59%
possibile possible
59%
male bad / badly
57%
casa home
57%
problema problem
57%
andare to go
57%
anno year
57%
importante important
55%
in in / into
55%
persona person
55%
avere to have
55%
difficile difficult
53%
niente nothing
53%
yes
53%
grazie thanks
51%
tempo time
51%
sempre always
49%
facile easy
49%
tutto everything
49%
fare to do / make
49%
anche also
47%
dire to say
47%
senza without
47%
lavoro work
47%
qui here
45%
scusa sorry / excuse me
45%
venire to come
45%
da from / by
43%
se if
43%
cosa thing
43%
qualcosa something
41%
there
41%
pensare to think
39%
vedere to see
37%
stare to stay
37%
spesso often
35%
mettere to put
35%
vero true
35%
mai never
33%
dare to give
33%
volere to want
33%
voi you (plural)
33%
trovare to find
31%
prendere to take
29%
diverso different
27%
ancora still / again
27%
potere can / may
24%
uguale same
24%
già already
20%
certo sure
20%
lasciare to leave
20%
dovere must
18%
modo way
18%
tra between
16%
infatti in fact
12%
prego you're welcome
12%
magari maybe / I wish
10%
va bene okay
10%
tenere to hold
10%
fra among
4%
d'accordo agreed
2%
cioè I mean
2%
sapere to know (facts)
2%
conoscere to know (people)
2%
No matching quizzes found
Score Distribution
Percent of People with Each Score
Percentile by Number Answered
Your Score History
You have not taken this quiz